Word Ladder: Animated British Characters Quiz Stats

Quiz Updated Feb 22, 2016

Challenge
Share
Tweet
Embed
Score 0/22 Timer 02:00
0 Plays Today
Hint 4-Letter Word % Correct
Collection of shopsMALL
97.8%
'Fight Club' star: ____ PittBRAD
97.4%
♚ Pink Floyd song: 'Another Brick in the ____ (Part 2)' ♚♚ WALL ♚
97.1%
2003 film: '____ It Like Beckham'BEND
96.5%
♚ Granular beach material ♚♚ SAND ♚
95.6%
DispatchSEND
94.1%
Rosary unitBEAD
93.9%
Spoiled childBRAT
93.2%
Ram, stallion, or rooster, e. g.MALE
92.5%
Castle ditchMOAT
91.8%
Cap and gown wearerGRAD
91.1%
Hint 4-Letter Word % Correct
Maritime exclamation: '____ ho!'LAND
90.1%
MajorityMOST
89.9%
♚ Oven glove ♚♚ MITT ♚
88.7%
Sloop or skiff, e. g.BOAT
88.4%
Game show: 'Win, Lose or ____'DRAW
87.7%
Low cloud of water dropletsMIST
87.3%
Mild expletiveDRAT
85.7%
Blunt club or pepper spray brandMACE
85.5%
♚ Nicks/Henley song: 'Leather and ____' ♚♚ LACE ♚
85.2%
Drury or Penny followerLANE
84.8%
♚ 'Love Story' actress: Ali Mac____♚ GRAW ♚
83.5%

Today's Daily Dose

Missing Word
The Killers Songs

Word Ladder
1967 Film

Quick Pick
Flag Names

On This Day
February 24th II

You're not logged in!

Compare scores with friends on all Sporcle quizzes.
Sign Up with Email
OR
Log In

You Might Also Like...

Show Comments

Extras

Top Quizzes Today


Score Distribution

Your Account Isn't Verified!

In order to create a playlist on Sporcle, you need to verify the email address you used during registration. Go to your Sporcle Settings to finish the process.